000 00716nam a2200241 i 4500
001 bg
100 1 _aSHERRINGTON, Ingrid
245 0 0 _aThemen neu 1 :
_bLehrwerk für Deutsch als Fremdsprache : Wiederholungbuch /
_cvon Ingrid Sherrington und Ursula Wingate.
260 _aIsmaning :
_bMax Hueber Verl.,
_c1999.
300 _a104 s. :
_bfot., rys. ;
_c24 cm.
490 1 _aHueber Sprachen der Welt
650 9 _aJęzyk niemiecki
655 _aPodręczniki
700 1 _aWINGATE, Ursula
830 _aHueber Sprachen der Welt
020 _a3195015218
040 _cBPK
041 0 _ade
080 _a811.112.2(07)
920 _a3-19-501521-8
942 _cKS
008 s pl f |000 0 pol
999 _c36821
_d36821
856 _uhttp://koha.tu.koszalin.pl/cgi-bin/koha/opac-detail.pl?biblionumber=36821
_yKatalog online BPK